[Event "IECC O-3867"]
[Site "IECC email"]
[Date "2014.04.04"]
[Round "?"]
[White "Creaney, Brian Damian"]
[Black "Phillips, Dave"]
[Result "1-0"]
[WhiteElo "1299"]
[BlackElo "1228"]
[PlyCount "35"]
[EventDate "2014.??.??"]
[EventType "swiss (corr)"]
[EventRounds "2"]
[SourceTitle "Corr 2020"]
[Source "ChessBase"]
[SourceDate "2019.09.30"]
[SourceVersion "1"]
[SourceVersionDate "2019.09.30"]
[SourceQuality "1"]
[WhiteTeam "Scotland"]
[BlackTeam "England"]
[WhiteTeamCountry "SCO"]
[BlackTeamCountry "ENG"]

1. e3 e5 2. c4 d6 3. g3 Nf6 4. f4 Be7 5. Bh3 Bxh3 6. Nxh3 Qd7 7. Nf2 0-0 8. Nc3 Nc6 9. a3 exf4 10. gxf4 Na5 11. d3 c5 12. Qf3 Nb3 13. Rb1 Nxc1 14. Rxc1 Rab8 15. Rg1 Qe6 16. Nce4 d5 17. Qg3 dxe4 18. Qxg7# 1-0